00341nam a2200145Ia 45000030006000000080041000060400015000471000026000622450021000882500006001092600043001153000006001585460014001640050017001780STCL150530s9999 xx 000 0 und d aSTCLcSTCL aAntony kunjakaran M M aKumaraaswadhanam a1 bCurrent Book; Thrissurc1957aThrissur a0 aMalayalam20220125171711.0